| 000 | 01311nam a2200301 a 4500 | ||
|---|---|---|---|
| 001 | BRCA_4959 | ||
| 005 | 20190320204858.0 | ||
| 008 | 221010s--------sp-######v---#000-0#spa-# | ||
| 041 | _aspa | ||
| 044 | _amx | ||
| 084 |
_aDOC60 _b.D63 _c1739 |
||
| 245 | 1 | 0 |
_aDocumento firmado por el Rey [Felipe V] _c[Felipe V]. |
| 260 |
_aMadrid _c1739 |
||
| 300 |
_a[7] fojas _c29 x 21 cm. |
||
| 500 | _aDocumento firmado el 12 de julio de 1739. | ||
| 500 | _aComunicado del Rey [Felipe V] para que se cumpla precisamente la orden dada tocante a que no se tenga voto en los Capítulos Provinciales los Priores de conventos, que no tengan 8 religiosos conforme a la Real Cédula del 6 de febrero de 1703. | ||
| 500 | _a[Real Cédula] Firmada como ´Yo el Rey´. | ||
| 500 | _aContiene la leyenda DOC.# 70. | ||
| 500 | _aPapel con marca de agua. | ||
| 500 | _aEstado de conservación : bueno. | ||
| 506 | 0 | _aFondo Reservado. Para su consulta es necesario credencial de usuario y carta de motivos. | |
| 546 | _aTexto en : español de mediados del siglo XVIII. | ||
| 600 | 1 | 4 |
_aFelipe _bV _cRey de España _d1683-1746 _xHistoria _912618 |
| 650 | 1 | 4 |
_aDocumentos legales _vHistoria _yCasa de Borbón, 1700 _zEspaña. _912619 |
| 651 | 4 |
_aMéxico _xHistoria _yColonia, 1521-1821 _912461 |
|
| 902 | _aFDH | ||
| 942 |
_2lcc _cD |
||
| 999 |
_c4653 _d4653 |
||